| 000 | 00629cam a2200229 4500500 | ||
|---|---|---|---|
| 005 | 20260405003133.0 | ||
| 041 | _afre | ||
| 042 | _adc | ||
| 100 | 1 | 0 |
_aThomas, Joseph _eauthor |
| 245 | 0 | 0 | _aSouveraineté |
| 260 | _c2020. | ||
| 500 | _a10 | ||
| 690 | _aJean Bodin | ||
| 690 | _aJohn Stuart Mill | ||
| 690 | _aPeuple | ||
| 690 | _aPolitique | ||
| 690 | _aPouvoir | ||
| 690 | _aRousseau | ||
| 690 | _aSouveraineté | ||
| 786 | 0 | _nPhilosophie magazine | 142 | 9 | 2020-09-01 | p. 84-84 | 1951-1787 | |
| 856 | 4 | 1 | _uhttps://shs.cairn.info/magazine-philosophie-magazine-2020-9-page-84?lang=fr&redirect-ssocas=7080 |
| 999 |
_c2064690 _d2064690 |
||